000 00615nam a2200241 a 4500
999 _c1555
_d1555
007 ta
008 200108t1982 xxka|||g |||| 001 0 eng d
040 _aKO
_beng
041 0 _aeng
044 _axxk
082 0 4 _223
_a623.8881
_bT3611
100 1 _aThomas, R. E.
245 1 0 _aStowage :
_bthe properties and stowage of cargoes /
_cR. E. Thomas
250 _a6th rev. ed.
260 _aGlasgow :
_bBrown, Son & Ferguson Ltd. ,
_c1971.
300 _ax, 564 p. :
_bill. ;
_c21 cm
504 _aIncludes Index.
650 0 _aStowage
650 0 _aCargo handling
904 _aA_BOSE
942 _cBK